[Event "Bohemians"]
[Site "Prague"]
[Date "1994.??.??"]
[Round "6"]
[White "Orsag, Milan"]
[Black "Vavra, Pavel"]
[Result "1/2-1/2"]
[WhiteElo "2385"]
[BlackElo "2365"]

1.d4 d5 2.Nf3 Nf6 3.c4 c6 4.Nc3 e6 5.e3 Nbd7 6.Qc2 Bd6 7.Be2 O-O 8.O-O b6
9.e4 Nxe4 10.Nxe4 dxe4 11.Qxe4 Bb7 12.Rd1 Re8 13.b3 Qe7 14.Bf4 Bxf4 15.Qxf4 c5
16.Qc7 Nf6 17.Qxe7 Rxe7 18.dxc5 bxc5 19.Ne5 Ne4 20.Bf3 f6 21.Nd3 Rc8 22.Re1 Nd6
23.Bxb7 Nxb7 24.Nf4 Kf7 25.Rad1 a5 26.Kf1 a4 27.Nxe6 Rce8 28.Nf4 Rxe1+ 29.Rxe1 Rxe1+
30.Kxe1 axb3 31.axb3 Na5 32.Kd2 Nxb3+ 33.Kc3 Na5 34.Nd3 Nb7 35.Kb3 Na5+ 36.Kc3  1/2-1/2

[Event "Bohemians"]
[Site "Prague"]
[Date "1994.??.??"]
[Round "11"]
[White "Vokac, Marek"]
[Black "Vavra, Pavel"]
[Result "1-0"]
[WhiteElo "2485"]
[BlackElo "2365"]

1.c4 c6 2.d4 d5 3.Nf3 Nf6 4.Nc3 e6 5.e3 Nbd7 6.Bd3 dxc4 7.Bxc4 b5 8.Bd3 a6
9.e4 c5 10.d5 c4 11.Bc2 e5 12.O-O Bd6 13.Nh4 g6 14.g3 Nc5 15.f3 Bh3 16.Ng2 h6
17.b4 Nd3 18.Bxd3 Bxb4 19.Ne2 Bc5+ 20.Kh1 cxd3 21.Qxd3 Qb6 22.Bb2 Nd7 23.Ng1 Bxg1
24.Rxg1 Qf2 25.Ba3 Rc8 26.Rad1 f5 27.Rd2 Qb6 28.Ne3 f4 29.Nd1 b4 30.Bb2 Nc5
31.Qe2 Qf6 32.gxf4 Qxf4 33.Rxg6 Rf8 34.Rg3 Bd7 35.Qe3 Qf6 36.Rc2 Na4 37.Rxc8+ Bxc8
38.Bc1 h5 39.Qb3 Bd7 40.Qxb4 Bb5 41.Bg5 Qg7 42.Qd6 Be2 43.Qe6+  1-0

[Event "Pula PCA op"]
[Site "Pula"]
[Date "1994.??.??"]
[Round "?"]
[White "Cvitan, Ognjen"]
[Black "Doric, Nenad"]
[Result "1-0"]
[WhiteElo "2570"]
[BlackElo "2285"]

1.Nf3 d5 2.c4 c6 3.d4 Nf6 4.Nc3 e6 5.e3 Nbd7 6.Be2 dxc4 7.a4 c5 8.Bxc4 cxd4
9.exd4 Nb6 10.Bb3 Be7 11.O-O Nbd5 12.Ne5 O-O 13.Re1 a6 14.Bg5 Qd6 15.Qf3 Nxc3
16.bxc3 Nd5 17.Bxe7 Nxe7 18.a5 Qc7 19.c4 Ng6 20.Nd3 Bd7 21.Nc5 Bc6 22.d5 Bxd5
23.cxd5 Qxc5 24.dxe6 fxe6 25.Rxe6 Kh8 26.Qe3 Qf5 27.g3 Rad8 28.Bc4 Qc2 29.Rc1 Qa4
30.Bd3 Qxa5 31.Bxg6 hxg6 32.Rxg6 Qh5 33.Rg5 Qf7 34.Rcc5 Rfe8 35.Rce5 Rxe5
36.Rxe5 Kg8 37.h4 b5 38.h5 b4 39.h6 gxh6 40.Qxh6 Rd1+ 41.Kg2 Qb7+ 42.f3  1-0

[Event "Pula PCA op"]
[Site "Pula"]
[Date "1994.??.??"]
[Round "?"]
[White "Hohler, Peter"]
[Black "Palac, Mladen"]
[Result "1/2-1/2"]
[WhiteElo "2245"]
[BlackElo "2505"]

1.Nf3 d5 2.d4 Nf6 3.c4 e6 4.Nc3 c6 5.e3 Nbd7 6.Qc2 Bd6 7.b3 O-O 8.Be2 a6
9.O-O dxc4 10.bxc4 c5 11.Rd1 Qc7 12.Bb2 cxd4 13.exd4 b6 14.Ne4 Nxe4 15.Qxe4 Bb7
16.Qh4 Rfe8 17.Rac1 Nf8 18.Ne5 f6 19.Nd3 Ng6 20.Qh3 Be4 21.g3 Rad8 22.Bf1 e5
23.dxe5 Nxe5 24.Nxe5 Bxe5 25.Rxd8 Qxd8 26.Bxe5 Rxe5 27.Qg4 h5 28.Qe2 Bc6
29.Qc2 h4 30.Rd1 Qc7 31.Qd2 hxg3 32.hxg3 Rh5 33.Qd8+ Qxd8 34.Rxd8+ Kh7 35.Bg2 Bxg2
36.Kxg2 Rc5 37.Rd6 Rxc4 38.Rxb6 Ra4 39.Rb2 Ra3 40.Re2 a5 41.g4 Kg6 42.f3 f5
43.Kg3 Kf6 44.gxf5 Kxf5 45.Kf2 g5 46.Kg2 Kf4 47.Re4+ Kf5 48.Re2 Ra4 49.Kg3 Ra3  1/2-1/2

[Event "CRO-Cup"]
[Site "Pula"]
[Date "1994.??.??"]
[Round "2"]
[White "Kozul, Zdenko"]
[Black "Palac, Mladen"]
[Result "0-1"]
[WhiteElo "2575"]
[BlackElo "2495"]

1.d4 d5 2.c4 c6 3.e3 Nf6 4.Nc3 e6 5.Nf3 Nbd7 6.Bd3 dxc4 7.Bxc4 b5 8.Bd3 a6
9.O-O c5 10.Qe2 Bb7 11.Rd1 Qb8 12.Bc2 b4 13.Na4 cxd4 14.Rxd4 e5 15.Rh4 Be7
16.e4 O-O 17.g4 Rc8 18.g5 Ne8 19.Bb3 Nd6 20.Bd2 Bc6 21.Nd4 exd4 22.Qh5 Nf8
23.Bf4 g6 24.Qh6 Qb5 25.f3 Ne8 26.Rc1 Bd7 27.Rd1 Qe2 28.Nb6 Be6 29.Nd5 Bxd5
30.exd5 Bd6 31.Bd2 Ng7  0-1

[Event "EUCup Gr"]
[Site "Pula"]
[Date "1994.??.??"]
[Round "3"]
[White "Hohler, Peter"]
[Black "Palac, Mladen"]
[Result "1/2-1/2"]
[WhiteElo "2245"]
[BlackElo "2505"]

1.Nf3 d5 2.d4 Nf6 3.c4 e6 4.Nc3 c6 5.e3 Nbd7 6.Qc2 Bd6 7.b3 O-O 8.Be2 a6
9.O-O dxc4 10.bxc4 c5 11.Rd1 Qc7 12.Bb2 cxd4 13.exd4 b6 14.Ne4 Nxe4 15.Qxe4 Bb7
16.Qh4 Rfe8 17.Rac1 Nf8 18.Ne5 f6 19.Nd3 Ng6 20.Qh3 Be4 21.g3 Rad8 22.Bf1 e5
23.dxe5 Nxe5 24.Nxe5 Bxe5 25.Rxd8 Qxd8 26.Bxe5 Rxe5 27.Qg4 h5 28.Qe2 Bc6
29.Qc2 h4 30.Rd1 Qc7 31.Qd2 hxg3 32.hxg3 Rh5 33.Qd8+ Qxd8 34.Rxd8+ Kf7 35.Bg2 Bxg2
36.Kxg2 Rc5 37.Rd6 Rxc4 38.Rxb6 Ra4 39.Rb2 Ra3 40.Re2 a5 41.g4 Kg6 42.f3 f5
43.Kg3 Kf6 44.gxf5 Kxf5 45.Kf2 g5 46.Kg2 Kf4 47.Re4+ Kf5 48.Re2 Ra4 49.Kg3 Ra3
50.Kg2  1/2-1/2

[Event "Reggio Emilia9495"]
[Site "Reggio Emilia"]
[Date "1994.??.??"]
[Round "2"]
[White "Epishin, Vladimir"]
[Black "Godena, Michele"]
[Result "1-0"]
[WhiteElo "2650"]
[BlackElo "2485"]

1.d4 d5 2.c4 c6 3.Nc3 Nf6 4.e3 e6 5.Nf3 Nbd7 6.Qc2 Bd6 7.Be2 O-O 8.O-O e5
9.cxd5 cxd5 10.Nb5 Bb8 11.dxe5 Nxe5 12.Bd2 Ne4 13.Nbd4 Qb6 14.Rfd1 Nxf3+
15.Nxf3 Bg4 16.Be1 Qd6 17.g3 Qf6 18.Kg2 Rd8 19.Rac1 h5 20.Nd4 Bxe2 21.Qxe2 h4
22.Qg4 hxg3 23.hxg3 Be5 24.b3 a6 25.Nf3 Bc3 26.Bxc3 Nxc3 27.Rd2 Ne4 28.Rdc2 Qe6
29.Qh4 Rac8 30.Nd4 Qd7 31.Rh1 Kf8 32.Rxc8 Rxc8 33.Qh8+ Ke7 34.Qxg7 Nf6 35.Qg5  1-0

[Event "Reggio Emilia9495"]
[Site "Reggio Emilia"]
[Date "1994.??.??"]
[Round "4"]
[White "Arlandi, Ennio"]
[Black "Godena, Michele"]
[Result "0-1"]
[WhiteElo "2425"]
[BlackElo "2485"]

1.d4 d5 2.c4 e6 3.Nc3 c6 4.e3 Nf6 5.Nf3 a6 6.b3 Bb4 7.Bd2 Nbd7 8.Bd3 O-O
9.Qc2 Bd6 10.O-O e5 11.cxd5 cxd5 12.dxe5 Nxe5 13.Nxe5 Bxe5 14.Rad1 Bg4 15.f3 Bh5
16.Ne2 Rc8 17.Qb1 Bg6 18.Rc1 Qe7 19.b4 b5 20.Nf4 Bxf4 21.exf4 Rxc1 22.Rxc1 Qa7+
23.Kf1 Qd4 24.Rc3 Ne4 25.fxe4 dxe4 26.Qe1 exd3 27.Qe7 Bh5 28.g3 Qd5 29.Kg1 Bg4
30.Rc5 Qxa2 31.Rg5 Qe6 32.Qc5 h6 33.Re5 Qa2 34.Qe3 Qb1+ 35.Kg2 Bc8 36.Re8 Qc2
37.Kf2 Be6 38.Re7 Rd8 39.Ra7 Qc6 40.Qe5 Qb6+ 41.Be3 Qxe3+ 42.Kxe3 d2  0-1

[Event "Reggio Emilia9495"]
[Site "Reggio Emilia"]
[Date "1994.??.??"]
[Round "6"]
[White "Arlandi, Ennio"]
[Black "Chernin, Alexander"]
[Result "1/2-1/2"]
[WhiteElo "2425"]
[BlackElo "2615"]

1.d4 d5 2.c4 c6 3.Nc3 Nf6 4.e3 e6 5.Nf3 Nbd7 6.Qc2 Bd6 7.b3 O-O 8.Be2 b6
9.O-O Bb7 10.e4 Nxe4 11.Nxe4 dxe4 12.Qxe4 Qc7 13.Bd3 g6 14.Qh4 c5 15.Ng5 Nf6
16.Bb2 cxd4 17.Bxd4 Be5 18.Rfe1 Bxd4 19.Qxd4 Qd8 20.Qc3 Qe7  1/2-1/2

[Event "Rishon Le Ziyyon"]
[Site "Rishon Le Ziyyon"]
[Date "1994.??.??"]
[Round "4"]
[White "Zilberman, Yaacov"]
[Black "Gofshtein, Leonid D"]
[Result "1/2-1/2"]
[WhiteElo "2460"]
[BlackElo "2495"]

1.d4 Nf6 2.Nf3 e6 3.c4 d5 4.Nc3 c6 5.e3 Nbd7 6.Bd3 dxc4 7.Bxc4 b5 8.Be2 b4
9.Na4 Be7 10.Bd2 a5 11.Qc2 Bb7 12.a3 O-O 13.O-O c5 14.dxc5 Be4 15.Qc1 Bc6
16.axb4 axb4 17.Qd1 Nxc5 18.Nxc5 Bxc5 19.Rc1 Qb6 20.Ne5 Bd5 21.Bf3 Rfd8  1/2-1/2

[Event "ROM-chT"]
[Site "ROM"]
[Date "1994.??.??"]
[Round "?"]
[White "Breahna, Radu"]
[Black "Ignatescu, Radu"]
[Result "1-0"]
[WhiteElo "2335"]
[BlackElo "2305"]

1.d4 d5 2.c4 e6 3.Nc3 c6 4.e3 Nf6 5.Nf3 Nbd7 6.Qc2 Bd6 7.e4 dxe4 8.Nxe4 Nxe4
9.Qxe4 Bb4+ 10.Bd2 Bxd2+ 11.Nxd2 O-O 12.Bd3 Nf6 13.Qh4 e5 14.O-O-O Qxd4 15.Qxd4 exd4
16.Nb3 Ng4 17.Rd2 Rd8 18.Re1 f6 19.f4 h5 20.Bg6 Nh6 21.Nxd4 Bd7 22.Bxh5 Nf5
23.Nb3 b6 24.Red1 Ne3 25.Rxd7 Nxd1 26.Rxd8+ Rxd8 27.Bxd1 c5 28.Bf3 Kf7 29.h4 Ke6
30.Bg4+ Ke7 31.Kc2 g6 32.Nd2 Rd4 33.g3 g5 34.hxg5 fxg5 35.Nf3 Rxc4+ 36.Kd3 Rb4
37.Nxg5 Rxb2 38.Ne4 Rxa2 39.f5 a5 40.f6+ Kf8 41.Be6 Rg2 42.Ke3 a4 43.Kf3 Rg1
44.Kf2 Rh1 45.g4 a3 46.g5  1-0

[Event "ROM-chT"]
[Site "ROM"]
[Date "1994.??.??"]
[Round "?"]
[White "Atalik, Suat"]
[Black "Navrotescu, Catalin"]
[Result "1-0"]
[WhiteElo "2530"]
[BlackElo "2380"]

1.d4 d5 2.c4 c6 3.Nc3 Nf6 4.e3 e6 5.Nf3 Nbd7 6.Bd3 dxc4 7.Bxc4 b5 8.Bd3 Bb7
9.O-O b4 10.Ne4 Nxe4 11.Bxe4 Be7 12.a3 bxa3 13.b3 Nf6 14.Bd3 c5 15.Bb5+ Kf8
16.Bxa3 Qb6 17.Be2 cxd4 18.Qxd4 Bxa3 19.Rxa3 Ke7 20.Rd1 Rhd8 21.Qb2 Kf8 22.Ra5 Kg8
23.Qa3 a6 24.Nd4 h6 25.h3 Rd6 26.b4 Nd5 27.b5 Nc7 28.bxa6 Nxa6 29.Bd3 Rad8
30.Rb1 Qc7 31.Bxa6  1-0

[Event "ROM-chT"]
[Site "ROM"]
[Date "1994.??.??"]
[Round "?"]
[White "Levin, Felix"]
[Black "Navrotescu, Catalin"]
[Result "1/2-1/2"]
[WhiteElo "2495"]
[BlackElo "2380"]

1.d4 d5 2.c4 c6 3.Nf3 Nf6 4.Nc3 e6 5.e3 Nbd7 6.Bd3 dxc4 7.Bxc4 b5 8.Bd3 Bb7
9.a3 a5 10.O-O b4 11.Ne4 Be7 12.Nxf6+ Nxf6 13.e4 O-O 14.e5 Nd7 15.Qc2 h6
16.Bh7+ Kh8 17.Be4 Qb8 18.Be3 c5 19.Bxb7 Qxb7 20.dxc5 Bxc5 21.Bxc5 b3 22.Qe2 Nxc5
23.Nd4 Rad8 24.Nb5 Qe4 25.Qxe4 Nxe4 26.Rfd1 Rxd1+ 27.Rxd1 Nc5 28.Nc3 g5 29.Kf1 Rb8
30.Ke2 Kg7 31.Rd4 Rb7 32.g3 Nd7 33.f4 Nb6 34.Kd3 Kg6  1/2-1/2

[Event "Sala op"]
[Site "Sala"]
[Date "1994.??.??"]
[Round "1"]
[White "Timoshchenko, Gennadi A"]
[Black "Katz, Roland"]
[Result "1-0"]
[WhiteElo "2520"]
[BlackElo "2140"]

1.d4 Nf6 2.c4 e6 3.Nc3 d5 4.Nf3 c6 5.e3 Nbd7 6.Bd3 Bd6 7.O-O O-O 8.e4 dxe4
9.Nxe4 Nxe4 10.Bxe4 Nf6 11.Bc2 c5 12.dxc5 Bxc5 13.Qe2 b6 14.Bg5 Bb7 15.Ne5 Be7
16.Rad1 Qc7 17.Bxf6 Bxf6 18.Nd7 Rfd8 19.Qd3 Rxd7 20.Qxd7 Qxd7 21.Rxd7 Bc6
22.Rc7 Be8 23.b4 Be5 24.Be4 Bxc7 25.Bxa8 Kf8 26.c5 f5 27.Rd1 Ke7 28.Rd3 bxc5
29.bxc5 e5 30.Bd5 g5 31.Rb3 a5 32.Rb7 Kd8 33.Ra7 e4 34.g3 Bg6 35.Ra8+ Kd7
36.Ra6 f4 37.Be6+ Ke7 38.g4 e3 39.Bc4 exf2+ 40.Kxf2 Bc2 41.h3 Bg6 42.Ke2 Bb1
43.Kd2 Bg6 44.a3 Be8 45.Rh6 Bg6 46.Bd3 Bxd3 47.Kxd3 Kd7 48.Ke4 Bd8 49.Kd5 f3
50.Rxh7+ Ke8 51.Ke6  1-0

[Event "Sala op"]
[Site "Sala"]
[Date "1994.??.??"]
[Round "6"]
[White "Golod, Vitali"]
[Black "Zontakh, Andrey"]
[Result "1/2-1/2"]
[WhiteElo "2510"]
[BlackElo "2450"]

1.d4 d5 2.c4 c6 3.Nf3 Nf6 4.Nc3 e6 5.e3 Nbd7 6.Bd3 dxc4 7.Bxc4 b5 8.Bd3 a6
9.e4 c5 10.e5 cxd4 11.Nxb5 axb5 12.exf6  1/2-1/2

[Event "Sala op"]
[Site "Sala"]
[Date "1994.??.??"]
[Round "8"]
[White "Priehoda, Vitezslav"]
[Black "Proehl, Holger"]
[Result "1-0"]
[WhiteElo "2400"]
[BlackElo "2285"]

1.d4 d5 2.c4 e6 3.Nf3 Nf6 4.Nc3 c6 5.e3 Nbd7 6.Qc2 Be7 7.g4 dxc4 8.Bxc4 b5
9.Be2 a6 10.g5 Nd5 11.Ne4 Qb6 12.Bd2 c5 13.dxc5 Nxc5 14.Nxc5 Qxc5 15.Qxc5 Bxc5
16.Rc1 Bb6 17.Ne5 Bb7 18.Bf3 Rd8 19.Ke2 O-O 20.Rhd1 Rfe8 21.e4 Ne7 22.Bb4 Rxd1
23.Rxd1 Ng6 24.Nxf7 Nf4+ 25.Kf1 Rc8 26.Nd6 Rc2 27.Bd2 Bc6 28.Nc8 Bc7 29.Ne7+ Kf7
30.Nxc6 Rxc6 31.Bc3 e5 32.h4 a5 33.a3 Rc4 34.Rd7+ Kf8 35.Be2 Nxe2 36.Kxe2 b4
37.axb4 axb4 38.Bd2 Bb6 39.Kd3 Rd4+ 40.Rxd4 Bxd4 41.Bxb4+ Kf7 42.Bc3 Bxf2
43.Bxe5 Bxh4 44.Bf4 Be1 45.Kc4 Ke6 46.Kd3 Bb4 47.Ke3 Bf8 48.Kf3 Kf7 49.Bd2 Ke6
50.Bc3 g6 51.b4 Kd6 52.Ke3 h5 53.gxh6 Bxh6+ 54.Kd3 Bf4 55.Bd4 Kc6 56.Kc4 g5
57.e5 g4 58.b5+ Kc7 59.Kd5 g3 60.b6+ Kb7 61.e6 Kc8 62.b7+ Kd8 63.Be5  1-0

[Event "San Mateo"]
[Site "San Mateo"]
[Date "1994.??.??"]
[Round "?"]
[White "Summerscale, Aaron"]
[Black "Torres, Javier"]
[Result "1-0"]
[WhiteElo "2410"]
[BlackElo "2335"]

1.d4 d5 2.c4 c6 3.Nc3 Nf6 4.e3 e6 5.Nf3 Nbd7 6.Qc2 Bd6 7.Be2 O-O 8.O-O dxc4
9.Bxc4 e5 10.Bb3 Qe7 11.Re1 e4 12.Nd2 Re8 13.f3 Nh5 14.g3 exf3 15.Nxf3 Nf8
16.e4 h6 17.e5 Bb4 18.Qe4 Be6 19.Bc2 f5 20.Qe2 Qf7 21.Rf1 Rad8 22.g4 fxg4
23.Ng5 Qd7 24.Nxe6 Nxe6 25.Bg6 Qxd4+ 26.Qe3 Bc5 27.Qxd4 Bxd4+ 28.Kg2 Rf8
29.Bxh5 Rxf1 30.Kxf1 Rf8+ 31.Ke2 Rf2+ 32.Kd3 Bxe5 33.Bxg4 Kf7 34.h3 Nc5+
35.Kc4 Bd6 36.Be3 b5+ 37.Nxb5 cxb5+ 38.Kd5 Rxb2 39.Kxd6 Ne4+ 40.Ke5 Nf6 41.Be6+ Ke7
42.Bc5+ Kd8 43.Rd1+ Kc7 44.Bxa7 Re2+ 45.Kf5 Ne4 46.Bb3 Nd6+ 47.Kf4 g5+ 48.Kf3 Re8
49.Bc5 Ne4 50.Bb4 h5 51.Re1 g4+ 52.hxg4 hxg4+ 53.Kf4 g3 54.Rxe4 g2 55.Bc5  1-0

[Event "San Mateo"]
[Site "San Mateo"]
[Date "1994.??.??"]
[Round "?"]
[White "Izumikawa, Burt"]
[Black "O'Donnell, Tom"]
[Result "1/2-1/2"]
[WhiteElo "2360"]
[BlackElo "2405"]

1.d4 d5 2.c4 e6 3.Nc3 c6 4.e3 Nf6 5.Nf3 Nbd7 6.Qc2 Bd6 7.Be2 O-O 8.O-O b6
9.e4 Nxe4 10.Nxe4 dxe4 11.Qxe4 Bb7 12.Rd1 Rb8 13.Bd3 g6 14.Ng5 Re8 15.Qh4 Nf6
16.c5 Bf8 17.Bf4 Rc8 18.Be5 h6 19.Nf3 Nd7 20.Qg4 Nxe5 21.Nxe5 Qc7 22.b4 Re7
23.Qh4 Rd8 24.Be2 Bg7 25.Bf3 bxc5 26.bxc5 Rd5 27.Nc4 e5 28.dxe5 Bxe5 29.Nxe5 Rdxe5
30.Qb4 Ba6 31.Rd6 Bb5 32.g3 a5 33.Qc3 Qa7 34.Bxc6 Qxc5 35.Qxc5  1/2-1/2

[Event "San Sebastian op"]
[Site "San Sebastian"]
[Date "1994.??.??"]
[Round "4"]
[White "Esteban, Jesus Maria"]
[Black "Ruiz, J."]
[Result "1-0"]
[WhiteElo "2485"]
[BlackElo "2250"]

1.d4 d5 2.c4 e6 3.Nc3 c6 4.e3 Nf6 5.Nf3 Nbd7 6.Bd3 dxc4 7.Bxc4 b5 8.Bd3 Bb7
9.O-O Be7 10.e4 b4 11.e5 bxc3 12.exf6 Nxf6 13.bxc3 O-O 14.Rb1 Qc7 15.Bf4 Qxf4
16.Rxb7 Qd6 17.Qa4 a5 18.Rb6 Rfc8 19.c4 Nd7 20.Rb7 Rc7 21.c5 Qf4 22.g3  1-0

[Event "Sevilla op"]
[Site "Sevilla"]
[Date "1994.??.??"]
[Round "4"]
[White "Levin, Felix"]
[Black "Antunes, Antonio"]
[Result "0-1"]
[WhiteElo "2495"]
[BlackElo "2465"]

1.d4 d5 2.c4 c6 3.Nc3 e6 4.Nf3 Nf6 5.e3 Nbd7 6.Bd3 dxc4 7.Bxc4 b5 8.Bd3 b4
9.Ne4 Be7 10.Nxf6+ Nxf6 11.e4 Bb7 12.Qe2 Nd7 13.O-O O-O 14.Rd1 Qc7 15.Be3 Rac8
16.Ba6 Qb6 17.Bxb7 Qxb7 18.Rac1 c5 19.dxc5 Nxc5 20.e5 Na4 21.Bg5 h6 22.Bxe7 Qxe7
23.h3 Qb7 24.Qd2 a5 25.a3 b3 26.Qd4 Qb5 27.Ne1 Nb6 28.Rxc8 Rxc8 29.Nd3 Nd5
30.a4 Rc4 31.axb5 Rxd4 32.Kf1 Nf4 33.b6 Nxd3 34.b7 Rb4 35.Rxd3 Rxb7 36.Ke2 a4
37.Rd8+ Kh7 38.Ra8 Rb4 39.Ke3 g5 40.Ra7 Kg6 41.g3 h5 42.Kd3 h4 43.Kc3 hxg3
44.fxg3 Re4 45.Kd3 Rxe5 46.Rxa4 Re1 47.Rb4 Rg1 48.Rxb3 Rxg3+ 49.Kc4 Rxb3  0-1

[Event "Sevilla op"]
[Site "Sevilla"]
[Date "1994.??.??"]
[Round "5"]
[White "Franco Ocampo, Zenon"]
[Black "Durao, Joaquim"]
[Result "1-0"]
[WhiteElo "2475"]
[BlackElo "2215"]

1.d4 Nf6 2.c4 e6 3.Nf3 d5 4.Nc3 c6 5.e3 Nbd7 6.Qc2 a6 7.b3 Bd6 8.Be2 O-O
9.O-O b5 10.Rd1 b4 11.Na4 Ne4 12.Bb2 f5 13.Ne5 c5 14.cxd5 cxd4 15.exd4 exd5
16.Qc6 Rb8 17.Qxd5+ Kh8 18.f3 Ndf6 19.Qc4 Ng5 20.Nc5 Nh5 21.d5 Qe7 22.Ncd3 Bb7
23.f4 Rbc8  1-0

[Event "Skei"]
[Site "Skei"]
[Date "1994.??.??"]
[Round "3"]
[White "Gausel, Einar"]
[Black "Stokstad, Petter G"]
[Result "1-0"]
[WhiteElo "2485"]
[BlackElo "2180"]

1.d4 d5 2.c4 e6 3.Nc3 c6 4.e3 Nf6 5.Nf3 Nbd7 6.Qc2 Be7 7.Be2 O-O 8.O-O Qc7
9.b3 b6 10.Bb2 Bb7 11.Rfd1 Rac8 12.Rac1 Rfd8 13.Qb1 Qb8 14.Bd3 h6 15.h3 a6
16.Bf1 Bf8 17.Rc2 g6 18.Qc1 Bg7 19.Ba3 Ne4 20.Nxe4 dxe4 21.Nh2 f5 22.Rcd2 Kh7
23.Be2 Nf6 24.Bb2 Qc7 25.Qa1 Qf7 26.a4 Rd7 27.Qc1 Rcd8 28.Qc3 c5 29.a5 g5
30.axb6 f4 31.Qc2 h5 32.Nf3 Kh6 33.Ne5 Qf8 34.Nxd7 Rxd7 35.dxc5 Rxd2 36.Qxd2 f3
37.Bf1 Qxc5 38.Qd6 Qf5 39.Qe5 Qg6 40.Qxe6 g4 41.hxg4  1-0

[Event "SLO-ch U18"]
[Site "?"]
[Date "1994.??.??"]
[Round "?"]
[White "Biscan, D."]
[Black "Klavcic, Klemen"]
[Result "1/2-1/2"]
[WhiteElo "2005"]
[BlackElo "1960"]

1.d4 d5 2.c4 c6 3.Nc3 Nf6 4.Nf3 e6 5.e3 Nbd7 6.Qc2 Bd6 7.Be2 O-O 8.O-O Re8
9.Rd1 e5 10.dxe5 Nxe5 11.cxd5 cxd5 12.Nxd5 Nfg4 13.h3 Nxf3+ 14.Bxf3 Nh2 15.Be4 Qh4
16.Nf4 Bxf4 17.exf4 Bxh3 18.f3 Bg4 19.Qf2 Qxf2+ 20.Kxf2 Rxe4 21.Rh1 Rc4 22.Rxh2 Bd7  1/2-1/2

[Event "SLO-ch U20"]
[Site "?"]
[Date "1994.??.??"]
[Round "?"]
[White "Tratar, Marko"]
[Black "Zugaj, Fjodor"]
[Result "1-0"]
[WhiteElo "2360"]
[BlackElo "2180"]

1.d4 d5 2.c4 c6 3.Nf3 Nf6 4.Nc3 e6 5.e3 Nbd7 6.Qc2 Bd6 7.Be2 O-O 8.O-O Qe7
9.Rd1 Re8 10.h3 b6 11.e4 Nxe4 12.Nxe4 dxe4 13.Qxe4 Bb7 14.Bf4 Bxf4 15.Qxf4 c5
16.Qc7 Rab8 17.Rac1 e5 18.dxc5 Nxc5 19.Qxe7 Rxe7 20.Nd2 Rd7 21.Nb1 Rbd8 22.Nc3 Kf8
23.Rxd7 Rxd7 24.Rd1 Ke7 25.Rxd7+ Kxd7 26.Kf1 f5 27.f3 Ne6 28.Bd3 g6 29.Kf2 Bc6
30.h4 Kd6 31.b4 Nf4 32.Bc2 Ne6 33.Bd3 Nf4 34.Bc2 Ne6 35.a3 Nd4 36.Bd3 Ne6
37.Ne2 e4 38.fxe4 fxe4 39.Bc2 Ke5 40.Ke3 Ng7 41.g4 h5 42.Nd4 Ba8 43.Bd1 hxg4
44.Bxg4 Ne8 45.Bd7 Nd6 46.Be6 a5 47.c5 bxc5 48.bxc5 Ne8 49.Bf7 Nc7 50.Ne2 Nd5+
51.Bxd5 Kxd5 52.Nf4+ Kxc5 53.Nxg6 Bd5 54.h5 Bf7 55.Kxe4 Kb5 56.Kf5 Ka4 57.Kf6 Bg8
58.Kg7  1-0

[Event "SLO-chT"]
[Site "?"]
[Date "1994.??.??"]
[Round "?"]
[White "Farago, Ivan"]
[Black "Polajzer, Danilo"]
[Result "1/2-1/2"]
[WhiteElo "2515"]
[BlackElo "2430"]

1.d4 Nf6 2.c4 e6 3.Nf3 d5 4.Nc3 c6 5.e3 Nbd7 6.Qc2 Bd6 7.Be2 O-O 8.O-O e5
9.cxd5 cxd5 10.dxe5 Nxe5 11.Rd1 Nxf3+ 12.Bxf3 Qc7 13.g3 Be5 14.Qb3 Bxc3 15.Qxc3 Qb6
16.b3 Ne4 17.Qd4 Qxd4 18.Rxd4 Be6 19.Bb2 Rfc8 20.Bd1 h6 21.Rb4 b6 22.Rd4 Rc6
23.Rc1 Rxc1 24.Bxc1 Nc3 25.Bf3 Rc8 26.Bd2 Ne4 27.Bd1 g5 28.Kf1 g4 29.Ke1 f5
30.Ke2 Kf7 31.b4 Rc4 32.Bb3 Rxd4 33.exd4 Nxd2 34.Kxd2 Kf6 35.Ba4 Kg5 36.Ke3 Bc8
37.Bc6 Be6 38.Bb7 Bf7 39.Bc8 Bg8 40.Bd7 Bf7 41.a3 Bg8 42.f3 Bf7 43.fxg4 fxg4
44.Kd2 Bg6 45.Kc3 Bf5 46.Bc6 Be6  1/2-1/2

[Event "SLO-chT"]
[Site "?"]
[Date "1994.??.??"]
[Round "?"]
[White "Stojnic, Miodrag"]
[Black "Klavcic, Klemen"]
[Result "1-0"]
[WhiteElo "1990"]
[BlackElo "1985"]

1.d4 d5 2.c4 c6 3.Nc3 Nf6 4.e3 e6 5.Nf3 Bd6 6.Qc2 Nbd7 7.g4 h6 8.Rg1 e5 9.cxd5 cxd5
10.Nb5 Bb8 11.Bd2 e4 12.Nh4 a6 13.Rc1 Bxh2 14.Rg2 axb5 15.Rxh2 Nxg4 16.Nf5 Nxh2
17.Bb4 Nc5 18.Bxb5+ Kf8 19.Qxc5+ Kg8 20.Nd6 Nf3+ 21.Kd1 Be6 22.Kc2 Qh4 23.Nxb7 Rc8
24.Bc6 Bd7 25.Na5 Kh7 26.Qxd5 Rhd8 27.Kb1 Bxc6 28.Qf5+ Kh8 29.Nxc6 Qxf2 30.Qxe4 Rd6
31.Ne5 Rxc1+ 32.Kxc1 Qf1+ 33.Kc2 Qe2+ 34.Kc3 Qe1+ 35.Kb3 Qd1+ 36.Kc3 Qe1+
37.Kb3 Qd1+ 38.Qc2 Qxc2+ 39.Kxc2 Rf6 40.Be7 Rf5  1-0

[Event "SLO-sf"]
[Site "?"]
[Date "1994.??.??"]
[Round "?"]
[White "Solmajer, Luka"]
[Black "Stojnic, Miodrag"]
[Result "1-0"]
[WhiteElo "1965"]
[BlackElo "1965"]

1.d4 d5 2.c4 c6 3.Nc3 Nf6 4.Nf3 e6 5.e3 Nbd7 6.Qc2 Bd6 7.Be2 O-O 8.O-O Qe7
9.a3 dxc4 10.Bxc4 e5 11.dxe5 Nxe5 12.Nxe5 Bxe5 13.Bd2 Bg4 14.Rae1 Rad8 15.e4 Qd6
16.Be3 Bxh2+ 17.Kh1 Bf4 18.Bxf4 Qxf4 19.f3 Rd2 20.Qc1 Bc8 21.e5 Nh5 22.Ne4 Qh4+
23.Kg1 Rd4 24.Qc3 Rdd8 25.Qb4 Qf4 26.Nd6 Qd4+ 27.Rf2 c5 28.Qb3 Ng3 29.Nxf7 Rxf7
30.Bxf7+ Kf8 31.Qc4 Qd1 32.Rxd1 Rxd1+ 33.Kh2  1-0

[Event "Wch U26"]
[Site "Sofia"]
[Date "1994.??.??"]
[Round "7"]
[White "Chatalbashev, Boris"]
[Black "Karanikolas, Konstantinos"]
[Result "1-0"]
[WhiteElo "2395"]
[BlackElo "2305"]

1.d4 d5 2.Nf3 Nf6 3.c4 e6 4.Nc3 c6 5.e3 Nbd7 6.Bd3 Bd6 7.e4 dxe4 8.Nxe4 Nxe4
9.Bxe4 Nf6 10.Bc2 O-O 11.O-O Qc7 12.Bg5 Ng4 13.h3 Nh2 14.c5 Be7 15.Bxe7 Nxf3+
16.Qxf3 Qxe7 17.Qe4 g6 18.Rfd1 Rd8 19.Rac1 Bd7 20.Bb1 Be8 21.Rd3 Rd5 22.a3 Rad8
23.Ba2 Rf5 24.f4 e5 25.fxe5 Bd7 26.Re1 Re8 27.g4 Qg5  1-0

[Event "St Affrique op"]
[Site "St Affrique"]
[Date "1994.??.??"]
[Round "?"]
[White "Barbero, Gerardo F"]
[Black "Boudre, Jean Pierre"]
[Result "1-0"]
[WhiteElo "2490"]
[BlackElo "2400"]

1.d4 d5 2.c4 c6 3.Nc3 Nf6 4.e3 e6 5.Nf3 Nbd7 6.Qc2 Bd6 7.Be2 O-O 8.O-O dxc4
9.Bxc4 b5 10.Be2 Bb7 11.Rd1 Qb8 12.a3 a6 13.e4 e5 14.dxe5 Nxe5 15.Nd4 Ng6
16.g3 c5 17.Nf5 Be5 18.Bg5 Re8 19.Bxf6 Bxf6 20.Nd5 Bxd5 21.Rxd5 c4 22.Rad1 Qc7
23.Nd6 Red8 24.f4 Ne7 25.R5d2 Bxb2 26.Qxb2 c3 27.Qb3 cxd2 28.Nxf7 Rf8 29.Ng5+ Kh8
30.Rxd2 h6 31.Ne6 Qb6+ 32.Kg2 Rfc8 33.f5 Ra7 34.Qb2 Ng8 35.Nf4 Qc6 36.Bf3 Ne7
37.e5 Qc5 38.Be4 Qc4 39.Rd4 Qc5 40.f6 Nc6  1-0

[Event "St Affrique op"]
[Site "St Affrique"]
[Date "1994.??.??"]
[Round "?"]
[White "Latzke, Boris Alexander"]
[Black "Boudre, Jean Pierre"]
[Result "0-1"]
[WhiteElo "2055"]
[BlackElo "2400"]

1.d4 d5 2.c4 c6 3.Nf3 Nf6 4.Nc3 e6 5.e3 Nbd7 6.Qc2 Bd6 7.Be2 O-O 8.O-O dxc4
9.Bxc4 b5 10.Be2 Bb7 11.a3 a5 12.Rd1 Qb8 13.Ne4 Nxe4 14.Qxe4 Re8 15.Qh4 e5
16.a4 Nf6 17.dxe5 Bxe5 18.Bd2 b4 19.Nxe5 Qxe5 20.b3 Red8 21.Be1 c5 22.Rac1 h6
23.Qg3 Qe7 24.Qf4 Rxd1 25.Rxd1 Rd8 26.Rxd8+ Qxd8 27.Qe5 Bd5 28.Qb2 Qd6 29.Qc2 Be4
30.Qc4 Qd5 31.f3 Qxc4 32.Bxc4 Bd5 33.Bxd5 Nxd5 34.Kf2 c4 35.Ke2 cxb3 36.Kd3 Nb6  0-1

[Event "St Cugat op"]
[Site "St Cugat"]
[Date "1994.??.??"]
[Round "4"]
[White "Pogorelov, Ruslan"]
[Black "Bordell Rosell, Roman"]
[Result "1-0"]
[WhiteElo "2415"]
[BlackElo "2255"]

1.Nf3 d5 2.d4 Nf6 3.c4 c6 4.Nc3 e6 5.e3 Nbd7 6.Qc2 Bb4 7.Bd2 O-O 8.Bd3 Re8
9.O-O Bxc3 10.Bxc3 dxc4 11.Bxc4 Nd5 12.e4 Nxc3 13.Qxc3 b5 14.Bd3 Qb6 15.b4 a5
16.a3 axb4 17.axb4 Rxa1 18.Rxa1 Bb7 19.e5 Nf8 20.Nd2 Rd8 21.Nb3 Ng6 22.Bxg6 hxg6
23.Nc5 Ra8 24.Rxa8+ Bxa8 25.Qa1 Qd8 26.Kf1 Kh7 27.g3 g5 28.h3 Kg6 29.Ke2 Qb8
30.Qa5 Qc8 31.Qa7 Qd8 32.Ke3 Qe8 33.Qc7 Kh6 34.Ne4 Kg6 35.Nd6 Qf8 36.Qd7 Qg8
37.Qe7 f6 38.exf6 gxf6 39.Ne4 Qf7 40.Qxf7+ Kxf7 41.Nc5 Ke7 42.h4 gxh4 43.gxh4 Kf7
44.Kf4 Ke7 45.Kg4 Kf7 46.Kh5 e5 47.dxe5 fxe5 48.Kg5 e4 49.Kf4 Kg6 50.Kxe4 Kh5
51.f4 Kxh4 52.f5 Kg5 53.Ke5 Kh6  1-0

[Event "St Petersburg op"]
[Site "St Petersburg"]
[Date "1994.??.??"]
[Round "1"]
[White "Atalik, Suat"]
[Black "Mukhametov, Eldar"]
[Result "1-0"]
[WhiteElo "2530"]
[BlackElo "2390"]

1.d4 d5 2.c4 c6 3.Nc3 Nf6 4.e3 e6 5.Nf3 Nbd7 6.Qc2 Bd6 7.Be2 O-O 8.b3 e5
9.cxd5 cxd5 10.Nb5 Bb8 11.Ba3 Re8 12.Rc1 exd4 13.Nfxd4 Ne4 14.Nc7 Bxc7 15.Qxc7 Qf6
16.O-O Qg6 17.Bb5 Ne5 18.Kh1 Bg4 19.Bxe8 Rxe8 20.f3 Ng3+ 21.Kg1 Nxf1 22.fxg4 Nxg4
23.Qd7 Qe4 24.Nf5 Nfxe3 25.Ne7+ Kf8 26.Nxd5+ Kg8 27.Ne7+ Kf8 28.Qd2 g5 29.h3 Nxg2
30.Nf5+ Kg8 31.Qxg5+  1-0